| 000 | 00437nam a2200157Ia 4500 | ||
|---|---|---|---|
| 008 | 260407s2022 xx 000 0 und d | ||
| 041 | _aeng | ||
| 082 |
_a615.7/PAT _b11518 |
||
| 100 | _aDR.SUNILA T PATIL | ||
| 245 | _aA PRACTICAL BOOK OF MEDICIANL CHEMISTRY -III | ||
| 250 | _a3RD | ||
| 260 |
_aPUNE _bNIRLAI PRAKASHAN _c2022 |
||
| 300 | _a45p | ||
| 650 | _aPHARMACEUTICAL CHEMISTRY | ||
| 650 | _aPRACTICAL MEDICIANL CHEMISTRY -III | ||
| 999 |
_c1219010 _d1219010 |
||